| 000 | 00437nam a2200181Ia 4500 | ||
|---|---|---|---|
| 001 | 13617 | ||
| 003 | GE_BSU | ||
| 008 | 181216s||||||||xx |||||||||||||| ||und|| | ||
| 040 | _cGE_BSU | ||
| 080 | _a646/649 | ||
| 245 | _aPractical Problem Solver | ||
| 260 | _aLondon | ||
| 260 | _bPublished by the Reader's Digest Association Limited | ||
| 260 | _c1994 | ||
| 300 | _a447p.ill.26cm. | ||
| 653 | _aPractical Problem Solver | ||
| 942 | _cBK | ||
| 999 |
_c46773 _d46773 |
||